Designing distributed systems : patterns and paradigms for scalable, reliable services /

Bibliographic Details
Main Author: Burns, Brendan, 1976- (Author)
Format: Book
Language:English
Published: Sebastopol, CA : O'Reilly Media, 2018 [second Indian reprinted 2022].
Edition:First edition.
Subjects:
Classic Catalogue: View this record in Classic Catalogue
LEADER 01795nam a22003857i 4500
001 39702
003 BD-DhAAL
005 20220925162858.0
008 220925r20222018caua 001 0 eng d
999 |c 44607  |d 44607 
010 |a  2018304469 
020 |a 9789352136988 
020 |a 9781491983645 
020 |a 1491983647 
035 |a (OCoLC)on1030275645 
040 |a TOH  |b eng  |c TOH  |d OCLCO  |d ZQP  |d COO  |d OCLCF  |d BTCTA  |d YDX  |d BDX  |d DLC  |d BD-DhAAL 
042 |a lccopycat 
050 0 0 |a QA76.9.D5  |b B87 2018 
082 0 4 |a 004.36  |2 23 
100 1 |a Burns, Brendan,  |d 1976-  |e author.  |9 51599 
245 1 0 |a Designing distributed systems :  |b patterns and paradigms for scalable, reliable services /  |c Brendan Burns. 
250 |a First edition. 
264 1 |a Sebastopol, CA :  |b O'Reilly Media,  |c 2018 [second Indian reprinted 2022]. 
300 |a xi, 149 pages :  |b illustrations ;  |c 24 cm. 
500 |a Includes index. 
526 |a CSE 
541 |a Book Finder International  |e 39702, 39703, 39704 
650 0 |a Electronic data processing  |x Distributed processing.  |9 51600 
650 0 |a System design.  |9 51601 
650 0 |a Computer science.  |9 51602 
852 |a Ayesha Abed Library  |c General Stacks 
942 |2 ddc  |c BK 
952 |0 0  |1 0  |2 ddc  |4 0  |6 004_360000000000000_BUR  |7 0  |9 71845  |a BRACUL  |b BRACUL  |c GEN  |d 2022-09-11  |e Book Finder International  |g 563.32  |l 0  |o 004.36 BUR  |p 3010039702  |r 2022-09-11  |t 1  |v 563.32  |w 2022-09-11  |y BK 
952 |0 0  |1 0  |2 ddc  |4 0  |6 004_360000000000000_BUR  |7 0  |9 71846  |a BRACUL  |b BRACUL  |c GEN  |d 2022-09-11  |e Book Finder International  |g 563.32  |l 0  |o 004.36 BUR  |p 3010039703  |r 2022-09-11  |t 2  |v 563.32  |w 2022-09-11  |y BK 
952 |0 0  |1 0  |2 ddc  |4 0  |6 004_360000000000000_BUR  |7 0  |9 71847  |a BRACUL  |b BRACUL  |c GEN  |d 2022-09-11  |e Book Finder International  |g 563.32  |l 0  |o 004.36 BUR  |p 3010039704  |r 2022-09-11  |t 3  |v 563.32  |w 2022-09-11  |y BK